000 00426nam a2200181Ia 4500
001 8111
005 20260306160545.0
008 260306t2011||||xx |||||||||||||| ||spa||
041 _aESP
082 _a370.1
_bZ92
100 _aZuluaga G., Olga Lucía,
_eAUT
245 0 _aPedagogía y epistemología
260 _c2011
300 _a301 páginas :
_c21 cm.
650 _aGEN
654 _aCED
942 _cLIB
_dJUS
_fJUS
_2ddc
_n
999 _c8111
_d8111